Az 1780. évi urbéri [úrbéri!] tabellák összegezéséhez

Elmentve itt :
Bibliográfiai részletek
Szerző: Tagányi Károly
Dokumentumtípus: Cikk
Megjelent: 1897
Sorozat:Magyar gazdaságtörténelmi szemle 4
Kulcsszavak:Közgazdaságtudomány, Gazdaságtörténet
Online Access:http://misc.bibl.u-szeged.hu/166
LEADER 00623nab a2200169 i 4500
001 misc166
005 20191106144236.0
008 170607s1897 hu o 0|| hun d
040 |a SZTE Miscellanea Repozitórium  |b hun 
041 |a hun 
100 1 |a Tagányi Károly 
245 1 3 |a Az 1780. évi urbéri [úrbéri!] tabellák összegezéséhez  |h [elektronikus dokumentum] /  |c  Tagányi Károly 
260 |c 1897 
300 |a 47-48 
490 0 |a Magyar gazdaságtörténelmi szemle  |v 4 
695 |a Közgazdaságtudomány, Gazdaságtörténet 
856 4 0 |u http://misc.bibl.u-szeged.hu/166/1/gazd_tort_szeml_1897_047-048.pdf  |z Dokumentum-elérés